Countries With a D and G - Statistics

General Stats
  • This quiz has been taken 61 times
  • The average score is 7 of 9
Answer Stats
Answer % Correct
D.R. Congo
90%
Antigua and Barbuda
84%
St. Vincent and the Grenadines
84%
Grenada
80%
Trinidad and Tobago
80%
Bangladesh
76%
Madagascar
76%
Uganda
69%
United Kingdom
69%
No matching quizzes found
Score Distribution
Percent of People with Each Score
Percentile by Number Answered
Your Score History
You have not taken this quiz